Ehrengabe für Bruno Heusinger gewidmet von Mitgliedern des Bundesgerichtshofes, der Bundesanwaltschaft und der Rechtsanwaltschaft beim Bundesgerichtshof
| Beteiligte: | ; ; |
|---|---|
| Medienart: | Druck Buch |
| Sprache: | Deutsch |
| Veröffentlicht: |
München
Beck
1968
|
| In: | Jahr: 1968 |
| Online-Zugang: |
Inhaltsverzeichnis Inhaltsverzeichnis |
| Bestand in Tübingen: | In Tübingen vorhanden. IFK: G I 140 |
| Verfügbarkeit prüfen: | HBZ Gateway |
| Subito Bestelldienst: | Jetzt bestellen. |
| Schlagwörter: |
MARC
| LEADER | 00000cam a2200000 c 4500 | ||
|---|---|---|---|
| 001 | 1072034883 | ||
| 003 | DE-627 | ||
| 005 | 20260206203228.0 | ||
| 007 | tu | ||
| 008 | 850101s1968 xx ||||| 00| ||ger c | ||
| 035 | |a (DE-627)1072034883 | ||
| 035 | |a (DE-603)024041610 | ||
| 035 | |a (DE-576)002034883 | ||
| 035 | |a (DE-599)BSZ002034883 | ||
| 035 | |a (OCoLC)1050467511 | ||
| 035 | |a (OCoLC)1050467511 | ||
| 035 | |a (OCoLC)09982205 | ||
| 040 | |a DE-627 |b ger |c DE-627 |e rakwb | ||
| 041 | |a ger | ||
| 082 | 0 | |a 340.08 GLA | |
| 084 | |a PC 4630 |q DE-208 |2 rvk |0 (DE-625)rvk/135081: | ||
| 245 | 0 | 0 | |a Ehrengabe für Bruno Heusinger gewidmet von Mitgliedern des Bundesgerichtshofes, der Bundesanwaltschaft und der Rechtsanwaltschaft beim Bundesgerichtshof |c hrsg. von Roderich Glanzmann. Unter Mitarb. von Hans Joachim Faller |
| 264 | 1 | |a München |b Beck |c 1968 | |
| 300 | |a 412 S. | ||
| 336 | |a Text |b txt |2 rdacontent | ||
| 337 | |a ohne Hilfsmittel zu benutzen |b n |2 rdamedia | ||
| 338 | |a Band |b nc |2 rdacarrier | ||
| 500 | |a Festschrift Bruno Heusinger | ||
| 650 | 4 | |a Rechtsanwalt, Bundesgerichtshof, Generalbundesanwalt, Bundesverfassungsgericht, Bundesanwaltschaft, Bundesgericht, Bundesverwaltungsgericht | |
| 655 | 7 | |a Festschrift |0 (DE-588)4016928-5 |0 (DE-627)104400986 |0 (DE-576)208917802 |2 gnd-content | |
| 689 | 0 | 0 | |d p |0 (DE-588)118704362 |0 (DE-627)07948624X |0 (DE-576)209314532 |a Heusinger, Bruno |d 1900-1987 |2 gnd |
| 689 | 0 | |5 (DE-627) | |
| 700 | 1 | |8 1\p |a Glanzmann, Roderich |d 1904-1988 |e Hrsg. |0 (DE-588)1284511324 |0 (DE-627)1840172010 |4 edt | |
| 700 | 1 | |a Faller, Hans Joachim |d 1915-2006 |0 (DE-588)11868597X |0 (DE-627)079468535 |0 (DE-576)160906156 |4 oth | |
| 700 | 1 | |a Heusinger, Bruno |d 1900-1987 |e GefeierteR |0 (DE-588)118704362 |0 (DE-627)07948624X |0 (DE-576)209314532 |4 hnr | |
| 856 | 4 | 2 | |u https://swbplus.bsz-bw.de/bsz002034883inh.htm |m V:DE-576 |v 2008-02-21 |3 Inhaltsverzeichnis |7 1 |
| 856 | 4 | 2 | |u http://scans.hebis.de/HEBCGI/show.pl?02404161_toc.pdf |m V:DE-603;B:DE-17 |q application/pdf |3 Inhaltsverzeichnis |7 1 |
| 883 | |8 1\p |a cgwrk |d 20250301 |q DE-101 |u https://d-nb.info/provenance/plan#cgwrk | ||
| 889 | |w (DE-576)468601090 | ||
| 936 | r | v | |a PC 4630 |b Für Personen |k Rechtswissenschaft |k Allgemeines zum juristischen Studium und zur Rechtswissenschaft |k Festschriften, Sammelwerke |k Für Personen |0 (DE-627)127072195X |0 (DE-625)rvk/135081: |0 (DE-576)20072195X |
| 936 | s | n | |a p100 |2 mzub |
| 951 | |a BO | ||
| ELC | |b 1 | ||
| LOK | |0 000 xxxxxcx a22 zn 4500 | ||
| LOK | |0 001 2015127755 | ||
| LOK | |0 003 DE-627 | ||
| LOK | |0 004 1072034883 | ||
| LOK | |0 005 20020607000000 | ||
| LOK | |0 008 930614||||||||||||||||ger||||||| | ||
| LOK | |0 040 |a DE-21-110 |c DE-627 |d DE-21-110 | ||
| LOK | |0 852 |a DE-21-110 | ||
| LOK | |0 852 1 |c G I 140 |m p |9 00 | ||
| LOK | |0 935 |a k110 | ||
| LOK | |0 936ln |a 2.1 | ||
| LOK | |0 938 |k p | ||
| LOK | |0 939 |a 14-06-93 |b l01 | ||
| ORI | |a SA-MARC-krimdoka001.raw | ||
| SIG | |a IFK: G I 140 | ||
